Capitais europeias - Statistics

Estatísticas Gerais
  • Esse quiz foi jogado 139 vezes
  • A pontuação média é 12 de 15
Estatísticas das Respostas
Hint Resposta % Correto
Portugal Lisboa
98%
Espanha Madrid
98%
França Paris
98%
Rússia Moscovo
96%
Itália Roma
96%
Ucrânia Kiev
94%
Grécia Atenas
93%
Bélgica Bruxelas
86%
Áustria Viena
79%
Hungria Budapeste
76%
Polónia Varsóvia
76%
Suíça Berna
75%
Bielorrússia Minsk
62%
Letónia Riga
54%
Lituânia Vilnius
51%
Nenhum quiz correspondente encontrado
Distribuição das Pontuações
Porcentagem de Pessoas com Cada Pontuação
Percentil de Números Respondidos
Sua Pontuação Histórica
Você não jogou esse quiz